English phrasal vervs in use / (Record no. 114)
[ view plain ]
| 000 -LEADER | |
|---|---|
| fixed length control field | 00709nam a2200241 a 4500 |
| 001 - CONTROL NUMBER | |
| JCCL Control Number | 114 |
| 003 - CONTROL NUMBER IDENTIFIER | |
| JCCL marc code | BD-JhCC |
| 005 - DATE AND TIME OF LATEST TRANSACTION | |
| control field | 20170928163335.0 |
| 008 - FIXED-LENGTH DATA ELEMENTS--GENERAL INFORMATION | |
| fixed length control field | 170928r20042006 uka|||| |||| 000 0 eng d |
| 020 ## - INTERNATIONAL STANDARD BOOK NUMBER | |
| International Standard Book Number | 0521605660 |
| 035 ## - SYSTEM CONTROL NUMBER | |
| system control number | (BD-JhCC)114 |
| 040 ## - CATALOGING SOURCE | |
| Original cataloging agency | BD-JhCC |
| Modifying agency | BD-JhCC |
| 041 ## - LANGUAGE CODE | |
| Language code of Book | eng |
| 082 ## - DEWEY DECIMAL CLASSIFICATION NUMBER | |
| Classification number | 428.007 |
| Author mark and Year | MIC 2006 |
| 100 ## - MAIN ENTRY--PERSONAL NAME | |
| Personal name | Maccarthy, Michael. |
| 245 ## - TITLE STATEMENT | |
| Title | English phrasal vervs in use / |
| Statement of responsibility, etc | Michael Mccarthy and Felicity Odell |
| 260 ## - PUBLICATION, DISTRIBUTION, ETC. (IMPRINT) | |
| Place of publication, distribution, etc | Cambridge : |
| Name of publisher, distributor, etc | Cambridge University Press, |
| Date of publication, distribution, etc | 2006 [reprinted] |
| 300 ## - PHYSICAL DESCRIPTION | |
| Pagination | 206 p. : |
| Other physical details | ill. ; |
| Dimensions | 25 cm. |
| 650 ## - SUBJECT ADDED ENTRY--TOPICAL TERM | |
| General subdivision | English -- Phrasal verbs -- Problemas, ejercicios, etc. |
| 700 ## - ADDED ENTRY--PERSONAL NAME | |
| Personal name | Odell, Felicity. |
| 942 ## - ADDED ENTRY ELEMENTS (KOHA) | |
| Source of classification or shelving scheme | Dewey Decimal Classification |
| Koha item type | Books |
| Source of classification or shelving scheme | Damaged status | Not for loan | Home library | Current library | Shelving location | Date of accession | Total Checkouts | Full call number | Barcode | Date last seen | Date checked out | Copy number | Koha item type |
|---|---|---|---|---|---|---|---|---|---|---|---|---|---|
| Dewey Decimal Classification | JCC Rouf Library | JCC Rouf Library | General Stacks | 07/02/2024 | 2 | 428.007 MIC 2006 | 1119 | 07/12/2024 | 07/04/2024 | C-1 | Books |